000 00430nam a2200181Ia 4500
001 4351
005 20260306145749.0
008 260306t2011||||xx |||||||||||||| ||spa||
041 _aESP
082 _a320.5
_bC14
100 _aCáceres Arce, Jorge Luis (coord.)
_eAUT
245 0 _aRegímenes políticos
260 _c2011
300 _a191 páginas :
_c22 cm.
650 _aGEN
654 _aCDE
942 _cLIB
_dJUS
_fJUS
_2ddc
_n
999 _c4351
_d4351